00655 2200241 4500001002100000005001700021008004100038035002400079040001200103082001000115090001700125100001800142245007100160250001100231260003100242300002500273504003100298650002600329700001700355700001700372850001200389990001200401YOGYA-0209000000128020090227020429.0 ind  0010-020900000001280 aYOPDYOG a137.8 a137.8bSuj P aSujanto, Agus aPsikologi kepribadiancoleh Agus Sujanto, Halem Lubis, Taufik Hadi aCet. 1 aJakartabAksara Baruc1980 a186 hlmbilusc20 cm aBibliografi : hlm. 185-186 aIlmu Jiwa kepribadian aHadi, Taufik aLubis, Halim aYOPDYOG a14924-P